| 000 | 00586nam a22002057a 4500 | ||
|---|---|---|---|
| 999 |
_c17548 _d17548 |
||
| 003 | OSt | ||
| 005 | 20190321120048.0 | ||
| 008 | 180406b xxu||||| |||| 00| 0 eng d | ||
| 020 | _a1473725393 | ||
| 040 |
_cKABU _aKABU |
||
| 050 |
_aHB 172 _b.M36 2017 c.1 |
||
| 100 | _aMankiw, N. Gregory | ||
| 245 |
_aMicroeconomics: _hN. Gregory Mankiw and Mark P. Taylor . |
||
| 250 | _a4th ed. | ||
| 260 |
_aAustralia: _bCengage, _c2017. |
||
| 300 | _ax, 423 p. | ||
| 650 | _aMicroeconomics | ||
| 700 | _aTaylor, P. mark. | ||
| 942 |
_2lcc _cBK _hHB 172 _i.M36 2017 c.1 |
||